| 000 | 00443nam a2200169 a 4500 | ||
|---|---|---|---|
| 005 | 20140310183148.0 | ||
| 008 | 021129s19uu xx 00 eng d | ||
| 020 | _a0553267051 | ||
| 050 |
_aPS 3553.A945 _b.C373 1988 |
||
| 100 | _aCaunitz, William J. | ||
| 245 |
_aSuspects / _cWilliam J. Caunitz. |
||
| 260 |
_aNew York ; _bBantam Books, _c1988. |
||
| 300 |
_a372 p. : _c17 cm. |
||
| 650 | _aFiction | ||
| 942 |
_cBK _2lcc |
||
| 999 |
_c19601 _d19601 |
||